000 00285nam a22001217a 4500
020 _a0-408-003626
082 _a629.246 NEW'C
100 _aSPURR, R. T,NEWCOMB, T. P
_976030
245 _aCOMMERCIAL VEHICLE BRAKING
260 _aLONDON
_bNEWNES
_c1979
300 _a144P
942 _cBK
999 _c581429
_d581429